Harry Potter: le Chemin de Traverse - Statistiques

Statistiques générales
  • Ce quiz a été pris 118 fois
  • Le résultat moyen est 12 sur 25
Statistiques - réponses
Information Réponse % Correct
Pays Royaume-Uni
100%
Nation Angleterre
98%
Première apparition Harry Potter à l'école des sorciers
98%
Derniere apparition Harry Potter et les Reliques de la Mort
96%
Ville Londres
93%
Pub sorcier le plus connu de Londres Le Chaudron Baveur
92%
Boutique de baguettes magiques Ollivander - Fabricants de baguettes magiques
90%
Banque des Sorciers Gringotts
89%
Fonction Commerciale
74%
Librérie Fleury et Bott
72%
Boutique de robes et autres vêtements pour sorciers Madame Guipure, prêt-à-porter pour mages et sorciers
64%
Magasin de farces et attrapes tenu par des jumeaux Weasley, Farces pour sorciers facétieux
59%
Vendeur de glaces Glaces Florian Fortarôme
57%
Animalerie spécialisée dans les hiboux Eeylops, Au Royaume du Hibou
38%
Autre animalerie Ménagerie magique
29%
Magasin vendant des ingrédients pour les potions Boutique de l'apothicaire
12%
Autre magasin de farces et attrapes Pirouette et Badin
10%
Autre boutique de robes et autres vêtements pour sorciers. Tissard et Brodette
9%
Autre maison d'édition (qui a édité le livre de Norbert Dragonneau) Obscurus Books
8%
Maison d'édition du monde des sorciers Dumalley Fils
7%
Boutique vendant des articles de Quidditch Magasin d'accessoires de Quidditch
6%
Boutique spécialisée dans les équipements et accessoires pour sorciers Wiseacres Équipements pour Sorciers
4%
Magasin vendant des chaudrons Magasin de chaudrons
3%
Boutique vendant des objets usagés Boutique de brocante
1%
Magasin de robes d'occasion Vente des vêtements de sorciers d'occasion
0%
Aucun quiz correspondant
Distribution des résultats
% des personnes avec chaque résultat
Percentile par nombre de réponses
Votre historique - résultats
Vous n’avez pas pris ce quiz